Score 0/258 Timer 15:00
2 Plays Today
% Correct
▼RECEPTION▼ (56c)
99.9%
════════════════
99.8%
════════════════
99.8%
how to win.
99.8%
and weapon to win.
99.8%
Welcome to
99.8%
the Sporcle TV Mystery.
99.8%
See the bonus area
99.8%
on the bottom right
99.8%
of this grid for
99.8%
instructions on
99.8%
• • •
99.8%
Tavern, type
99.8%
←'BEERME'
99.8%
To go to the
99.8%
• • •
99.8%
A group of 7
99.8%
suspects and 7
99.8%
weapons will be
99.8%
found in one of the
99.8%
12 rooms on this
99.8%
map. Figure out the
99.8%
To go to the
99.8%
right suspect, room,
99.8%
Boardroom, type
99.8%
'IVANKA'→
99.8%
════════════════
93.8%
════════════════
93.8%
pub on 'Family Guy.'
93.3%
• • •
93.3%
↓ - type 'HOTBOX'
93.3%
▼TAVERN▼ (u7j)
93.3%
Type the full name
93.3%
of Ted Danson's
93.3%
character on 'Cheers'
93.3%
OR the name of the
93.3%
════════════════
91.5%
════════════════
91.5%
════════════════
91.2%
════════════════
91.2%
• • •
91.2%
Knives and Go.'
91.2%
▼BOARDROOM▼ (1th)
91.2%
Name the reality show
91.2%
for any of these
91.2%
catchphrases:
91.2%
*'You're Fired.'
91.2%
*'The Tribe has
91.2%
Spoken.'
91.2%
*'Please Pack Your
91.2%
To go down, type ↓
91.2%
*'DUNDERMIFF'
91.2%
• • •
91%
▼INTERROGATION
91%
ROOM▼ (bu9)
91%
In which room are the
91%
suspects listed?
91%
TELL ME!
91%
'FINALEXAM'→
91%
↓ - 'BOOURNS'
91%
════════════════
90.5%
════════════════
90.5%
British version did?
89.2%
• • •
89.2%
↑ - 'IVANKA'
89.2%
↓ - 'MAKEITSO'
89.2%
• • •
89.2%
▼OFFICE▼ (7hn)
89.2%
Has the U.S. 'Office'
89.2%
series been running
89.2%
for longer or shorter
89.2%
than the original
89.2%
════════════════
89%
════════════════
89%
• • •
87.6%
════════════════
87.6%
• • •
87.6%
• • •
87.6%
════════════════
87.6%
•'Lisa, in this house
87.6%
we obey the laws
87.6%
of ________!'
87.6%
▼CAR HOLE▼ (hj5)
87.6%
Missing Word
87.6%
Homer quotes:
87.6%
• 'Shut up, _____,
87.6%
% Correct
or I'll stab you
87.6%
with a Q-tip.'
87.6%
↑ - 'HOTBOX'
87.6%
'CENTRALPERK'→
87.6%
↓ - 'HOOFIT'
87.6%
════════════════
87.4%
════════════════
87.4%
▼CHOIR ROOM▼ (1ti)
87.4%
↑ - 'MAKEITSO'
87.4%
TV comedies:
87.4%
____ Development
87.4%
Modern ____
87.4%
____ and Recreation
87.4%
Cougar ____
87.4%
♪♫ ♪♫ ♪♫ ♪♫
87.4%
↖- 'CENTRALPERK'
87.4%
════════════════
87.2%
════════════════
87.2%
Next Generation with
86.9%
• • •
86.9%
a four-letter name
86.9%
▼HOLODECK▼ (kz4)
86.9%
Name a character
86.9%
from Star Trek: The
86.9%
OR the team that
86.9%
won the 2011
86.9%
Super Bowl.
86.9%
• • •
86.9%
↓ - 'DIVAZ'
86.9%
════════════════
85.9%
════════════════
85.9%
════════════════
85.9%
▼PIT STOP▼ (7pw)
85.9%
I'm sorry to tell
85.9%
you that you are
85.9%
the last team to
85.9%
arrive. Fortunately,
85.9%
this is a non-
85.9%
elimination quiz.
85.9%
•In what city does
85.9%
'Frasier' take place»
85.9%
════════════════
85.9%
»OR in what state
85.9%
does 'South Park'
85.9%
take place?
85.9%
• • •
85.9%
↑ - 'BOOURNS'
85.9%
• • •
85.9%
•Here are the
85.9%
seven suspects>
85.9%
*Miss Hoover (83s)
85.9%
*Det. McNulty (eh1)
85.9%
*Mr. Belding (6ty)
85.9%
*Dr. Melfi (xm3)
85.9%
*Prof. Chaos (4ns)
85.9%
*Mayor West (e2d)
85.9%
*Agent Scully (a9q)
85.9%
════════════════
85.4%
════════════════
85.4%
• • •
84.8%
'DIVAZ' →
84.8%
▼COFFEE
84.8%
SHOP▼ (75f)
84.8%
Name all six of
84.8%
NBC's 'Friends' (first
84.8%
names) OR type Mr.
84.8%
Fawlty's first name.
84.8%
← 'HOOFIT'
84.8%
♦Clue: Murder
84.4%
room is NOT:
84.4%
♪♫ ♪♫ ♪♫ ♪♫
84.4%
Name someone
84%
from accounting in
84%
'The Office' (U.S.)
84%
*That's what she said.
84%
PYDN LUBE
83.1%
←'BOOURNS'
83.1%
↓ - 'CENTRALPERK'
83.1%
WLA NAD RERDO
83.1%
TV Detectives:
83.1%
▼STUDY HALL▼ (di2)
83.1%
Unscramble these
83.1%
Cop Shows:
83.1%
ETH LISEDH
83.1%
IMIMA CIEV
83.1%
NKMO
83.1%
% Correct
MOOBCLU
83.1%
AKKOJ
83.1%
• • •
83.1%
To go left, type
83.1%
• • •
83.1%
'MAKEITSO' →
83.1%
*Hatch
80.9%
room is NOT:
80.6%
• • •
80.6%
♦Clue: The murder
80.6%
•Here are the
80.3%
seven murder
80.3%
weapons>:
80.3%
• • •
80.3%
*Choir Room
80.1%
*The Tavern
79.2%
*The Boardroom
79.2%
*Interrogation Room
79.1%
♦Clue: Murder
78.9%
weapon is NOT:
78.9%
*Mr. Hat
78.9%
*Frozen Banana
78.9%
*The Holodeck
78.9%
*The Office
78.8%
Wendt play?
78.7%
murder weapon
78.7%
is two words
78.7%
• • •
78.7%
Who did George
78.7%
♦Clue: The
78.7%
*Study Hall
78.1%
*Mr. Hat (9ma)
77.9%
*Pit Stop
77.6%
*Coffee Shop
77.5%
*Immunity Idol (d8y)
77.2%
*Frozen Banana (h58)
77.1%
*Nuke (g6k)
76.2%
is NOT:
75.7%
*Mr. Belding
75.7%
♦Clue: the killer
75.7%
*Agent Scully
75.7%
•What are the bad
75.7%
guys on 'Battlestar
75.7%
Galactica' called?
75.7%
*Paintball Gun (ie1)
69.8%
*Wooden Stake (31j)
68.8%
◊ Secret Passage
67.5%
Type 'DIVAZ'
67.5%
not the killers.
64.9%
'M' last names are
64.9%
♦Clue: Suspects with
64.9%
←type 'FINALEXAM'
64.9%
◊ Secret Passage
63.1%
Type 'HOOFIT'
63.1%
the weapons?
63%
And where are
63%
DON'T PUSH ME!
63%
*Phaser (6cp)
60.3%
suspects
58.2%
♦Clue: These
58.2%
are NOT
58.2%
*Miss Hoover
58.2%
*Mayor West
58.2%
the killers:
58.2%
murder weapon
57.8%
is NOT...
57.8%
♦Clue: The
57.8%
◊ Secret Passage
55.6%
Type 'NOTPENYBOAT'
55.6%
════════════════
54.8%
════════════════
54.8%
▼HATCH▼(sp9)
54.8%
θ Game Shortcut:
54.8%
A certain set of
54.8%
numbers will»»
54.8%
»»unlock a
54.8%
special bonus.
54.8%
*Wooden Stake
54.5%
*Immunity Idol
53.5%
See Bonus
34.8%
Answers↘
34.8%
LIAR!
32.5%
»YOU WIN«
31.9%
»YOU SOLVED«
31.9%
»THE MYSTERY!«
31.9%
»WOO-HOO!«
31.9%
Remove Ads.
Support Sporcle.
Get the best of Sporcle when you Go Orange. This ad-free experience offers more features, more stats, and more fun while also helping to support Sporcle. Thank you for becoming a member.

You're not logged in!

Compare scores with friends on all Sporcle quizzes.
OR
Log In

Sporcle TV

Today on Sporcle TV


Watch our educational content, quiz creation guides, and fun videos on Sporcle TV.

Show Comments

Extras

Top Quizzes Today


Score Distribution

Paid Content

Your Account Isn't Verified!

In order to create a playlist on Sporcle, you need to verify the email address you used during registration. Go to your Sporcle Settings to finish the process.

Report this User

Report this user for behavior that violates our Community Guidelines.

Details: